Análisis matemático aplicado / (Registro nro. 16177)
[ vista simple ]
| 000 -LEADER | |
|---|---|
| campo de control de longitud fija | 01261nam a22002294aa4500 |
| 003 - IDENTIFICADOR DE NÚMERO DE CONTROL | |
| campo de control | BOFEUTO |
| 005 - FECHA Y HORA DE LA ÚLTIMA TRANSACCIÓN | |
| campo de control | 20260519153346.0 |
| 008 - DATOS DE LONGITUD FIJA--INFORMACIÓN GENERAL | |
| campo de control de longitud fija | 260605t2026 bo gr 000 f spa d |
| 017 ## - NÚMERO DE COPYRIGHT O DE DEPÓSITO LEGAL | |
| Número de copyright o de depósito legal | 4-1-3766-2026 |
| 020 ## - NÚMERO INTERNACIONAL ESTÁNDAR DEL LIBRO | |
| Número Internacional Estándar del Libro | 978-9917-663-27-0 |
| 040 ## - FUENTE DE CATALOGACIÓN | |
| Enlace | BOFEUTO |
| Centro catalogador/agencia de origen | BOFEUTO |
| Centro/agencia transcriptor | BOFEUTO |
| 082 ## - NÚMERO DE LA CLASIFICACIÓN DECIMAL DEWEY | |
| Número de clasificación | 517.33 |
| Número de ítem | H531a |
| 100 ## - ENTRADA PRINCIPAL--NOMBRE DE PERSONA | |
| Nombre de persona | Herrera Leniz, Miguel |
| Término indicativo de función/relación | autor |
| 245 ## - MENCIÓN DEL TÍTULO | |
| Título | Análisis matemático aplicado / |
| Mención de responsabilidad, etc. | Miguel Herrera Leniz |
| 246 ## - FORMA VARIANTE DEL TITULO | |
| Título propio/Titulo breve | Applied mathematical analysis |
| 250 ## - MENCION DE EDICION | |
| Mención de edición | 6ta. Edición |
| 260 ## - PUBLICACIÓN, DISTRIBUCIÓN, ETC. | |
| Lugar de publicación, distribución, etc. | Oruro : |
| Nombre del editor, distribuidor, etc. | Latinas, |
| Fecha de publicación, distribución, etc. | 2026. |
| 300 ## - DESCRIPCIÓN FÍSICA | |
| Extensión | 283 p. ; |
| Otras características físicas | ilus. ; |
| Dimensiones | 25.5 cm. |
| 500 ## - NOTA GENERAL | |
| Nota general | Incluye prólogo, resumen de fórmulas, bibliografía. |
| 520 ## - RESUMEN, ETC. | |
| Sumario, etc. | CAPÍTULO 1 Ecuaciones y sistemas de ecuaciones CAPÍTULO 2 Análisis combinatorio CAPÍTULO 3. Sistema de números reales y desigualdades CAPÍTULO 4 Relaciones y funciones CAPÍTULO 5 Algunas funciones particulares CAPÍTULO 6 Límite de una función CAPÍTULO 7 Derivada de una función CAPÍTULO 8 Aplicaciones de la derivada CAPÍTULO 9 Funciones a varias variables CAPÍTULO 10 Integrales a una y varias variables CÁPITULO11 Álgebra matricial. Determinantes CAPÍTULO 12 Series infinitas CAPÍTULO 13 Ecuaciones diferenciales CAPÍTULO 14 Ecuaciones de diferencias. |
| 942 ## - ELEMENTOS DE ENTRADA SECUNDARIOS (KOHA) | |
| Fuente del sistema de clasificación o colocación | Clasificación Decimal Dewey |
| Tipo de ítem Koha | Libros |
| Suprimir en OPAC | No |
| Estatus retirado | Estado de pérdida | Fuente del sistema de clasificación o colocación | Estado de daño | No para préstamo | Biblioteca de origen | Biblioteca actual | Fecha de adquisición | Fuente de adquisición | Número de inventario | Total de préstamos | Signatura topográfica completa | Código de barras | Visto por última vez | Copia número | Precio de reemplazo | Tipo de ítem Koha |
|---|---|---|---|---|---|---|---|---|---|---|---|---|---|---|---|---|
| No dañado | Disponible | Clasificación Decimal Dewey | No Dañado | Disponible | Biblioteca Campus Economía | Biblioteca Campus Economía | 06/05/2026 | Donación | 2057 | 517.33/H531a/2026 | BCAMP2057 | 19/05/2026 | Ej.1 | 19/05/2026 | Libros | |
| No dañado | Disponible | Clasificación Decimal Dewey | No Dañado | Disponible | Biblioteca Campus Economía | Biblioteca Campus Economía | 06/05/2026 | Donación | 2058 | 517.33/H531a/2026 | BCAMP2058 | 19/05/2026 | Ej.1 | 19/05/2026 | Libros | |
| No dañado | Disponible | Clasificación Decimal Dewey | No Dañado | Disponible | Biblioteca Central | Biblioteca Central | 06/05/2026 | Donación | 15489 | 517.33/H531a/2026 | 15489 | 19/05/2026 | Ej.1 | 19/05/2026 | Libros | |
| No dañado | Disponible | Clasificación Decimal Dewey | No Dañado | Disponible | Biblioteca Central | Biblioteca Central | 06/05/2026 | Donación | 15488 | 517.33/H531a/2026 | 15488 | 19/05/2026 | Ej.1 | 19/05/2026 | Libros | |
| No dañado | Disponible | Clasificación Decimal Dewey | No Dañado | Disponible | Biblioteca Central | Biblioteca Central | 06/05/2026 | Donación | 15487 | 517.33/H531a/2026 | 15487 | 19/05/2026 | Ej.1 | 19/05/2026 | Libros |